000 00287nam a2200097Ia 4500
082 _a746.443041 PHIL
245 0 _aStitched cards and gift tags for special occasions
100 _a PHILLIPSON, Carol Lewes, 2003
_966170
942 _cBK
008 210817s9999 xx 000 0 und d
999 _c212109
_d212108